[Event "Budapest Spring op"]
[Site "Budapest"]
[Date "2024.05.29"]
[Round "7"]
[White "Haring, Filip"]
[Black "Aizenberg, Benny"]
[Result "1-0"]
[WhiteElo "2484"]
[BlackElo "2403"]
[PlyCount "89"]
[EventDate "2024.05.20"]
[EventType "swiss"]
[EventRounds "9"]
[EventCountry "HUN"]
[SourceTitle "CBM 220 Extra"]
[Source "ChessBase"]
[SourceDate "2024.07.31"]
[SourceVersion "1"]
[SourceVersionDate "2024.07.31"]
[SourceQuality "1"]

1. e4 c5 2. Nf3 d6 3. d4 cxd4 4. Nxd4 Nf6 5. Nc3 a6 6. Bg5 Nbd7 7. Qe2 g6 8. f4 e5 9. 0-0-0 Qc7 10. Nf3 h6 11. Bxf6 Nxf6 12. Qc4 Qe7 13. fxe5 dxe5 14. Qa4+ Bd7 15. Bb5 0-0-0 16. Bxd7+ Nxd7 17. Nd5 Qe6 18. Qa5 Bd6 19. Rd3 Kb8 20. Rb3 Nc5 21. Rb6 Qd7 22. b4 Nxe4 23. Qxa6 Rc8 24. Re1 f5 25. Re3 Qf7 26. Qa5 Bc5 27. Rd3 Rhd8 28. Nxe5 Qxd5 29. Rxd5 Rxd5 30. bxc5 Rxe5 31. Rxb7+ Kxb7 32. c6+ Rxc6 33. Qxe5 h5 34. Qb5+ Kc7 35. a4 Rb6 36. Qe5+ Kb7 37. a5 Rd6 38. Qb5+ Ka7 39. c4 h4 40. h3 g5 41. Qxf5 Rd4 42. Qe6 Nd6 43. Qd7+ Ka6 44. Qc6+ Kxa5 45. Qc5+ 1-0

[Event "Budapest Spring op"]
[Site "Budapest"]
[Date "2024.05.26"]
[Round "4"]
[White "Samunenkov, Igor"]
[Black "Aizenberg, Benny"]
[Result "1-0"]
[WhiteElo "2547"]
[BlackElo "2403"]
[PlyCount "109"]
[EventDate "2024.05.20"]
[EventType "swiss"]
[EventRounds "9"]
[EventCountry "HUN"]
[SourceTitle "CBM 220 Extra"]
[Source "ChessBase"]
[SourceDate "2024.07.31"]
[SourceVersion "1"]
[SourceVersionDate "2024.07.31"]
[SourceQuality "1"]

1. e4 c5 2. c3 Nf6 3. e5 Nd5 4. Bc4 Nb6 5. Bb3 c4 6. Bc2 Nc6 7. Nf3 d5 8. exd6 exd6 9. 0-0 Be7 10. Re1 0-0 11. d4 Bg4 12. Nbd2 d5 13. Nf1 Bh5 14. Ng3 Bg6 15. Nf5 Bf6 16. Ne5 Bxe5 17. dxe5 Qd7 18. g4 Rfe8 19. Bf4 Nc8 20. Bg3 N8e7 21. Nd6 Bxc2 22. Qxc2 Rf8 23. h3 Nd8 24. Rad1 Qc6 25. Nf5 Re8 26. Qd2 Ne6 27. Nxe7+ Rxe7 28. Qxd5 Qa4 29. a3 Rd8 30. Qf3 Red7 31. Rd6 Qb5 32. Re2 Re8 33. Red2 Rc7 34. Qe4 h6 35. f4 Nc5 36. Qd5 a6 37. f5 Rce7 38. a4 Nxa4 39. Qxb5 axb5 40. R6d5 Rc8 41. Rxb5 Nc5 42. Rd4 Nb3 43. Rdd5 Ra8 44. Bh4 Ree8 45. Rxb7 Ra1+ 46. Kg2 Rb1 47. e6 Rxb2+ 48. Kg3 Kh7 49. Rxf7 Nd2 50. Rdd7 Rg8 51. Kf4 Nb1 52. Bf6 h5 53. Rxg7+ Rxg7 54. Rxg7+ Kh6 55. g5# 1-0

[Event "Sardinia World op-A"]
[Site "Orosei"]
[Date "2024.04.30"]
[Round "4"]
[White "Aizenberg, Benny"]
[Black "Iliaguev, Daniel"]
[Result "1-0"]
[WhiteElo "2409"]
[BlackElo "2177"]
[PlyCount "75"]
[EventDate "2024.04.27"]
[EventType "swiss"]
[EventRounds "9"]
[EventCountry "ITA"]
[SourceTitle "CBM 220 Extra"]
[Source "ChessBase"]
[SourceDate "2024.07.31"]
[SourceVersion "1"]
[SourceVersionDate "2024.07.31"]
[SourceQuality "1"]

1. d4 Nf6 2. c4 e6 3. Nc3 Bb4 4. f3 d5 5. a3 Bxc3+ 6. bxc3 h6 7. cxd5 exd5 8. e3 b6 9. Bd3 Qd7 10. Ne2 Ba6 11. 0-0 Bxd3 12. Qxd3 Nc6 13. e4 0-0-0 14. a4 Na5 15. Ba3 Nc4 16. Nf4 Nxa3 17. Qa6+ Kb8 18. Rxa3 Qd6 19. Nd3 dxe4 20. Ne5 Rhe8 21. a5 Rxe5 22. axb6 Rh5 23. Qxa7+ Kc8 24. b7+ Kd7 25. g3 exf3 26. c4 f2+ 27. Rxf2 Qb4 28. Ra1 Re8 29. Qa8 Re1+ 30. Rf1 Rxf1+ 31. Rxf1 Qd2 32. Qc8+ Kd6 33. Qf8+ Ke6 34. d5+ Ke5 35. Qe7+ Kd4 36. Rf4+ Ne4 37. Qxe4+ Kc5 38. Qe7+ 1-0